| 000 | 00000nam 2200000za 4500 |
| 001 | 9.817482 |
| 003 | CaOODSP |
| 005 | 20221107142505 |
| 007 | cr ||||||||||| |
| 008 | 160505s2008 onc |o f|0| 0 fre d |
| 020 | |z0-662-36345-0 |
| 040 | |aCaOODSP|bfre |
| 043 | |an-cn--- |
| 086 | 1 |aSD18-4/2008F-PDF |
| 245 | 03|aLe régime de pension du Canada |h[ressource électronique] : |bprestations d'invalidité. |
| 260 | |a[Ottawa] : |bService Canada, |c2008. |
| 300 | |a31 p. |
| 500 | |aPubli. aussi en anglais sous le titre : Canada pension plan : disability benefits. |
| 500 | |a« mars 2008 ». |
| 500 | |aLe n° de catalogue (SD12-1/4-2008) imprimé dans cette publication est incorrect. |
| 500 | |aLe n° d'ISBN (0-662-36345-0) de l'édition imprimée est copié dans cette édition PDF. |
| 692 | 07|2gccst|aPension d'invalidité |
| 710 | 1 |aCanada. |bService Canada. |
| 775 | 08|tCanada pension plan |w(CaOODSP)9.816927 |
| 856 | 40|qPDF|s1.02 Mo|uhttps://publications.gc.ca/collections/collection_2016/servcan/SD18-4-2008-fra.pdf |
| 986 | |aISPB 153-03-08F |